• 首页
  • 本馆介绍
  • 公告通知
  • 最新文献
  • 馆藏检索
  • 电子资源
  • 读者导购
  • 参考咨询
  • 我的图书馆
  • 登录
  • 详细信息显示
  • 放入我的书架
  • 预约/预借图书
  • 作者相关作品
  • 分类相关作品
  • 丛书相关作品
  • 出版社相关作品

书目信息

  • 表格格式
  • 工作单格式
  • 卡片格式
题名:
矿井通风与安全实用技术研究
    
 
作者: 邢媛媛 著
分册:  
出版信息: 北京   中国水利水电出版社  2014
页数: 178页
开本: 24cm
丛书名:
单 册:
中图分类: TD7
科图分类:
主题词: 矿山通风--研究 , 矿山安全--研究
电子资源:
ISBN: 978-7-5170-2058-5
000 00863nam0 2200241 450
001 012015000607
005 20150914103346.16
010    @a978-7-5170-2058-5@dCNY42.00
100    @a20150310d2014 em y0chiy50 ea
101 0  @achi
102    @aCN@b110000
105    @aa z 000yy
106    @ar
200 1  @a矿井通风与安全实用技术研究@Akuang jing tong feng yu an quan shi yong ji shu yan jiu@f邢媛媛著
210    @a北京@c中国水利水电出版社@d2014
215    @a178页@c图@d24cm
330    @a本书系统地讨论了矿井空气及气候条件、矿井空气流动理论、矿井通风动力与通风动力系统、矿井通风网络中风量分配与调节、矿井瓦斯防治与利用、矿井火灾与矿尘防治、矿井安全监测监控系统。
606 0  @a矿山通风@x研究
606 0  @a矿山安全@x研究
690    @aTD7@v5
701  0 @a邢媛媛@Axing yuan yuan@f(1981-)@4著
801  0 @aCN@b碧洲教育@c20150718
905    @a10447@f4@dTD7@e30
    
    矿井通风与安全实用技术研究/邢媛媛著.-北京:中国水利水电出版社,2014
    178页:图;24cm
    
    
    ISBN 978-7-5170-2058-5:CNY42.00
    本书系统地讨论了矿井空气及气候条件、矿井空气流动理论、矿井通风动力与通风动力系统、矿井通风网络中风量分配与调节、矿井瓦斯防治与利用、矿井火灾与矿尘防治、矿井安全监测监控系统。
●
相关链接 在E读中查询图书 在五车中查询图书 在当当中查询图书 在豆瓣中查询图书


正题名:矿井通风与安全实用技术研究     索取号:TD7/30         预约/预借

序号 登录号 条形码 馆藏地/架位号 状态 备注
1 0848731   208487314   第二样本阅览室/ [索取号:TD7/30] 在馆    
2 0848732   208487323   第三借阅区/ [索取号:TD7/30] 在馆    
3 0848733   208487332   第三借阅区/ [索取号:TD7/30] 在馆    
4 0848734   208487341   第三借阅区/ [索取号:TD7/30] 在馆    
唐山师范学院图书馆 欢迎您!
大连网信软件有限公司© 版权所有